Score 0/30 Timer 01:00
0 Plays Today
% Correct
Daenerys Targaryen
60.2%
Jon Snow
60%
Khal Drogo
60%
Night King
60%
Arya Stark
59.9%
Cersei Lannister
59.9%
Hodor
59%
Sansa Stark
58.8%
Joffrey Baratheon
58.7%
Brienne of Tarth
58.6%
Melisandre
58.3%
Bran Stark
58.1%
Jaime Lannister
57.8%
Robert Baratheon
57.8%
Margaery Tyrell
57.7%
% Correct
Tyrion Lannister
57.7%
Sandor 'The Hound' Clegane
57.5%
Catelyn Stark
57.3%
Varys
57%
Samwell Tarly
56.4%
Petyr Baelish
55.7%
Robb Stark
54.9%
Theon Greyjoy
54.7%
Eddard Stark
53.9%
Jorah Mormont
52.8%
Grey Worm
52.7%
Gendry
50.8%
Tormund Giantsbane
50.7%
Bronn
49.6%
Euron Greyjoy
46.9%
Remove Ads.
Support Sporcle.
Get the best of Sporcle when you Go Orange. This ad-free experience offers more features, more stats, and more fun while also helping to support Sporcle. Thank you for becoming a member.

You're not logged in!

Compare scores with friends on all Sporcle quizzes.
OR
Log In

Sporcle TV

Today on Sporcle TV


Watch our educational content, quiz creation guides, and fun videos on Sporcle TV.

Show Comments

Extras

Top Quizzes Today


Score Distribution

Paid Content

Your Account Isn't Verified!

In order to create a playlist on Sporcle, you need to verify the email address you used during registration. Go to your Sporcle Settings to finish the process.

Report this User

Report this user for behavior that violates our Community Guidelines.

Details: